| 000 | 00743nam a2200277Ia 4500 | ||
|---|---|---|---|
| 003 | OSt | ||
| 005 | 20221006153233.0 | ||
| 006 | a|||||r|||| 00| 0 | ||
| 007 | ta | ||
| 008 | 221006b |||||||| |||| 00| 0 kor d | ||
| 020 | _cW 10,000 | ||
| 024 | _a31,715 | ||
| 037 |
_bGift, Korean Embassy _cTextual |
||
| 040 |
_aEASL _cEASL _bkor |
||
| 041 |
_2kor _akor |
||
| 082 | _aU8.495, P5 | ||
| 100 |
_aPARK Kyong Cheol Au. _9663045 |
||
| 245 | 0 | _aSigol uisa-ui areumdaun dongheng | |
| 260 |
_aSeoul _bLeadersbook Korea _c2005 |
||
| 300 |
_a319p. _ccm. |
||
| 490 | _v KL | ||
| 650 | _a KL | ||
| 650 | _aTravel | ||
| 942 |
_hU8.495, P5 _cTEXL _2CC |
||
| 999 |
_c1099801 _d1099801 |
||